000 00378 a2200109 4500
001 ART_41433
005 20260410161942.0
008 260409a
245 1 0 _aEl desafío de mantener las obligaciones salariales adeudadas a un valor razonablemente equitativo
100 1 _aFavier, Daniela
773 0 _tTemas de derecho laboral
_g- Nº 4 (abr. 2017)
_wREV27619
999 _c29638
_d29638